000 00196nam a2200085Ia 4500
008 120527s9999 xx 000 0 und d
100 _aAdler, j. philip
245 _aWorld Civilization.
942 _cBK
999 _c27676
_d27676